000 00448nmm a2200169Ia 4500
008 251105s9999||||xx |||||||||||||||||und||
020 _a9788490109243
041 _aspa
100 _aHannay, Barbara
245 0 _aRecobrar el amor
264 _a[Madrid, España] :
_bHarlequin,
_c2012
300 _a160 páginas
490 _a'Amores cambiados'
650 _aRomance
856 _uhttps://public.digitaliapublishing.com/a/50142
942 _cCF
999 _c87433
_d87433